000 00962cab a2200265 4500
001 ABS56493
008 090401t1997 xxu||||| |||| 00| 0 eng d
035 _a(Sirsi) u24050
041 _aeng
100 _aWebber, G.
245 _aRelief from forfeiture
260 _c1997
350 _a0
490 _aSolicitors` Journal
_v141(4) 31 January 1997, 82-84(3)
520 _aExamines the general rule where a landlord has re-let a property prior to the hearing of a claim by the tenant for relief from forfeiture for non- payment of rent. Reviews the landlord`s position and time limits for applying for relief. Relates examples of case law.
650 _aBANK OF IRELAND HOME MORTGAGES V SOUTH LODGE DEVELOPMENTS
650 _aFORFEITURE
650 _aFULLER V JUDY PROPERTIES
650 _aPOSSESSION
650 _aRELIEF FROM FORFEITURE
650 _aRENT ARREARS
690 _aLandlord and tenant
_96252
942 _n0
948 _c04/03/1997
999 _c16107
_d16107